| 000 | 00874cab a2200301 4500 | ||
|---|---|---|---|
| 001 | ABS57588 | ||
| 008 | 090401t1997 xxu||||| |||| 00| 0 eng d | ||
| 035 | _a(Sirsi) u80816 | ||
| 041 | _aeng | ||
| 100 | _aJohnson, S. | ||
| 245 | _aGrant aid offered in 1996/97 | ||
| 260 | _c1997 | ||
| 350 | _a0 | ||
| 490 |
_aConservation Bulletin _v(32) July 1997, 4-5(2) |
||
| 520 | _aReports on how English Heritage allocated £35.2m in repair grants in 1996.97. | ||
| 650 | _aCHURCH GRANTS | ||
| 650 | _aCONSERVATION AREA PARTNERSHIPS | ||
| 650 | _aCONSERVATION GRANTS | ||
| 650 | _aENGLISH HERITAGE | ||
| 650 | _aHERITAGE LOTTERY FUND | ||
| 650 | _aHISTORIC BUILDINSG AND MONUMENTS GRANTS | ||
| 650 | _aJOINT CHURCHES SCHEME | ||
| 650 | _aNATIONAL HERITAGE ACT 1997 | ||
| 650 | _aREPAIR GRANTS | ||
| 690 | _aCONSERVATION | ||
| 942 | _n0 | ||
| 948 | _c12/09/1997 | ||
| 999 |
_c50896 _d50896 |
||